| 000 | 00689nam a2200181Ia 4500 | ||
|---|---|---|---|
| 003 | GCL | ||
| 008 | 140319s9999 xx 000 0 ara d | ||
| 040 |
_aGCL / _cGCL |
||
| 082 | 0 | 4 |
_a920.71 _bم ش |
| 100 | 1 | _aمحمود ابراهيم الرضوانى | |
| 245 | 1 | 0 |
_aشيخ العربية وحامل لوائها ابوفهر محمود محمد شاكر بين الدرس الادبى والتحقيق / _cمحمود ابراهيم الرضوانى |
| 300 | _a502 ص | ||
| 490 |
_aالهيئة العامة للاستعلامات _v0 |
||
| 650 | 0 | 4 | _aاللغة العربية |
| 650 | 0 | 4 | _aالتراجم |
| 650 | 0 | 4 | _aابو فهر، محمود محمد شاكر |
| 942 |
_2ddc _cBK |
||
| 999 |
_c43803 _d43803 |
||